|
|
|
|
| LEADER |
00000nam a22000007a 4500 |
| 005 |
2019100404414.0 |
| 007 |
cr|||| |||| |
| 008 |
191004s2019 mx |||||s|||| 00||0 spa d |
| 020 |
|
|
|a 9786200026835
|
| 035 |
|
|
|a 29267
|
| 040 |
|
|
|a vLex
|
| 090 |
|
|
|c 9720
|d 9720
|
| 100 |
1 |
|
|a Alvarado C., Jhovanna P.
|
| 245 |
1 |
0 |
|a Alcance y efectos fiscales del Uso del Outsourcing
|h [Recurso electrn̤ico] /
|c Jhovanna P. Alvarado C., Ana E. Ortiz N., Sergio Felix E.
|
| 256 |
|
|
|a Servicio en ln̕ea
|
| 260 |
|
|
|a Ciudad de Mx̌ico:
|b Editorial Acadm̌ica Espaǫla,
|c 2019
|
| 300 |
|
|
|a 1 recurso electrn̤ico
|
| 500 |
|
|
|a El props̤ito principal de este trabajo es conocer la problemt̀ica actual y repercusin̤ fiscal a la cual se enfrentan los empresarios ante el uso del esquema de outsourcing, ya que en la bs︢queda de mayor competitividad y logro de sus objetivos han tenido que acudir a diversos esquemas que les permita obtener mayores beneficios econm̤icos y permanencia en el mercado, es por ello que el “Outsourcing” es una figura que ha sido empleada en Mx̌ico por ms̀ de 40 aǫs por empresas de diversos giros, tanto en las pequeąs y medianas empresas (PYMES) como en grandes contribuyentes A su vez con la implementacin̤ y tendencia actual del uso del outsourcing, las autoridades han efectuado diversos cambios a las disposiciones fiscales, esto con el objetivo de tener ms̀ regulado dicho esquema, entre algunos cambios relevantes se han presentado en materia de Impuestos sobre la Renta, Impuesto al Valor Agregado, Impuesto sobre la Remuneracin̤ de los Trabajadores, Instituto Mexicano de Seguridad Social (IMSS), criterios internos del SAT (anexo 7).
|
| 506 |
1 |
|
|a Disponible solo en los productos indicados
|d vLex Global
|d vLex Global (Academic Edition, excluding Law Schools)
|d vLex Global (U.S. Academic Edition, Law Schools)
|d vLex Global (U.S. Academic Edition, excluding Law Schools)
|d vLex Global (Academic Edition, Law Schools)
|
| 650 |
0 |
4 |
|a Derecho Fiscal
|z Mx̌ico
|
| 700 |
1 |
|
|a Ortiz N., Ana E.
|
| 700 |
1 |
|
|a Felix E., Sergio
|
| 740 |
0 |
|
|a vLex Libros (Servicio en ln̕ea)
|
| 856 |
4 |
0 |
|u http://vlex.com/source/29267
|z Acceso restringido
|
| 942 |
|
|
|c BOOK
|
| 999 |
0 |
|
|a Tax Law
|